| 000 | 01221nam1a22002891 4500 | ||
|---|---|---|---|
| 001 | rc\3422030 | ||
| 005 | 20130115141143.2 | ||
| 035 | _a(NLR Aleph) 007582221 | ||
| 090 |
_a5520626 _c5520626 |
||
| 100 | _a20130115g1973 |||y0rusy50 ca | ||
| 101 | 0 | _arus | |
| 102 | _aRU | ||
| 105 | _a z ||||| | ||
| 200 | 1 |
_aОпорно-двигательный аппарат у детей _e(Учеб. пособие) _eЧ. 1- _fМ-во здравоохранения РСФСР. 2-й Моск. гос. мед. ин-т им. Н.И. Пирогова. Кафедра норм. анатомии |
|
| 210 |
_aМосква _cБ. и. _d1973- |
||
| 215 | _d21 | ||
| 300 | _aПеред загл. авт.: Л.Ф. Гаврилов, С.Ю. Фидрус, В.В. Максимов | ||
| 300 | _aНа обл. авт. не указаны | ||
| 606 |
_aОпорно-двигательный аппарат детей _2psbo |
||
| 700 | 1 |
_aГаврилов _bЛ. Ф. _cд-р мед. наук _gЛеопольд Фёдорович _3RU\NLR\AUTH\770263642 |
|
| 701 | 1 |
_aФидрус _bС. Ю. |
|
| 701 | 1 |
_aМаксимов _bВ. В. |
|
| 801 | 0 |
_aRU _bNLR _gpsbo |
|
| 801 | 1 |
_aRU _bELAR _2rusmarc |
|
| 852 |
_aNLR _j73-6/6366 |
||
| 942 | _cBOOK | ||
| 980 | _aNB | ||